00589nam a2200133Ia 450000500170000000800410001702000150005808200130007310000170008624500440010326000490014730000110019650002480020720240603234153.0240331s9999 xx 000 0 und d a9718605169 bBRAa362 aAzcuna,C. ed 0aBrave little women :ba study on incest aManilabInstitute of Women's Educationc1995 a62 p., aBrave Little Women is a joint project of the Inter-Institutional Consortium of: De La Salle University, Philippine Normal University, St.Pauls' College and St.Scholastica's with the support of the Board for Christian Higher Education in Asia.